Eléments de philosophie
Salvato in:
| Autore principale: | |
|---|---|
| Natura: | Libro |
| Lingua: | francese |
| Pubblicazione: |
París
Pierre Téqui
1933
|
| Soggetti: | |
| Tags: |
Aggiungi Tag
Nessun Tag, puoi essere il primo ad aggiungerne!!
|
MARC
| LEADER | 00000nam a2200000 a 4500 | ||
|---|---|---|---|
| 001 | UCJ9224 | ||
| 003 | CL-VaPUC | ||
| 008 | 070309e19330000FR |||||||||||||||||fre|d | ||
| 082 | 0 | 4 | |a 144 |b MAR |2 21 |
| 100 | |a Maritain, Jacques |e autor |9 255680 | ||
| 245 | 1 | 0 | |a Eléments de philosophie |
| 300 | |a v | ||
| 942 | |c BK | ||
| 945 | |d 20070309 00:00:00 |a jtorresc | ||
| 260 | |a París |b Pierre Téqui |c 1933 | ||
| 500 | |a v.1: Introduction generale a la philosophie | ||
| 500 | |a v.2: L`ordre des concepts. Petite logique | ||
| 500 | |a Donación del Dr. Luis Gómez Macker | ||
| 650 | 0 | |a Filosofía francesa |9 255698 | |
| 650 | 0 | |a Lógica |9 256849 | |
| 650 | 0 | |a Naturalismo |9 346334 | |
| 650 | 0 | |a Metafísica |9 265649 | |
| 650 | 0 | |a Historia de la filosofía |9 256920 | |
| 583 | |a last modification |c 20121007 09:53:19 |k Rodrigo Vera | ||
| 999 | |c 324810 |d 324808 | ||
| 952 | |0 0 |1 0 |4 0 |6 144_000000000000000_MAR_1933 |7 0 |8 A |9 405174 |a FDOPOS |b FDOPOS |d 2019-11-22 |h v.2 |i 4269411 |o 144 MAR 1933 |p 4269411 |r 2025-01-22 |w 2019-11-22 |y BK |k MLA | ||
| 952 | |0 0 |1 0 |4 0 |6 144_000000000000000_MAR_1933 |7 0 |8 A |9 405175 |a FDOPOS |b FDOPOS |d 2019-11-22 |i 426942K |o 144 MAR 1933 |p 426942K |r 2025-01-22 |w 2019-11-22 |y BK |k MLA | ||